Financial system in hun sem craing yov developmente, (ប្រព័ន្ធហិរញ្ញវប្បទាននៅមជ្ឍមណ្ឌលអភិវឌ្ឍន៍ហ៊ុនសែន ក្រាំងយូវ)nter, ( (Record no. 293)

000 -LEADER
fixed length control field 00591nam a22001577a 4500
003 - CONTROL NUMBER IDENTIFIER
control field OSt
005 - DATE AND TIME OF LATEST TRANSACTION
control field 20150912114437.0
008 - FIXED-LENGTH DATA ELEMENTS--GENERAL INFORMATION
fixed length control field 150912b xxu||||| |||| 00| 0 eng d
040 ## - CATALOGING SOURCE
Transcribing agency RUA
082 ## - DEWEY DECIMAL CLASSIFICATION NUMBER
Classification number AGR MAM 1996 BOO11 Or.1
100 ## - MAIN ENTRY--PERSONAL NAME
9 (RLIN) 310
Personal name MAM, SITHA
245 ## - TITLE STATEMENT
Title Financial system in hun sem craing yov developmente, (ប្រព័ន្ធហិរញ្ញវប្បទាននៅមជ្ឍមណ្ឌលអភិវឌ្ឍន៍ហ៊ុនសែន ក្រាំងយូវ)nter, (
260 ## - PUBLICATION, DISTRIBUTION, ETC. (IMPRINT)
Place of publication, distribution, etc. Phnom phen
Name of publisher, distributor, etc. RUA
Date of publication, distribution, etc. 1996
300 ## - PHYSICAL DESCRIPTION
Extent 62p.
Other physical details ill.
Dimensions 29cm.
942 ## - ADDED ENTRY ELEMENTS (KOHA)
Source of classification or shelving scheme
Koha item type AGR
Holdings
Price effective from Date last seen Permanent Location Not for loan Date acquired Source of classification or shelving scheme Koha item type Barcode Lost status Damaged status Shelving location Withdrawn status Current Location Full call number
2015-09-122015-09-12Library Block B 2015-09-12 AGRRUA004277  B017 Library Block BAGR MAM 1996 BOO11 Or.1
2015-09-122015-09-12Library Block B 2015-09-12 AGRRUA003309  B017 Library Block BAGR MAM 1996 BOO11 Or.2
2015-09-122015-09-12Library Block B 2015-09-12 AGRRUA003381  B017 Library Block BAGR MAM 1996 BOO11 Or.3
2015-09-122015-09-12Library Block B 2015-09-12 AGRRUA003525  B017 Library Block BAGR MAM 1996 BOO11 Or.4
2015-09-122015-09-12Library Block B 2015-09-12 AGRRUA004133  B017 Library Block BAGR MAM 1996 BOO11 Or.5
2015-09-122015-09-12Library Block B 2015-09-12 AGRRUA003451  B017 Library Block BAGR MAM 1996 BOO11 Or.6
2015-09-122015-09-12Library Block B 2015-09-12 AGRRUA003380  B017 Library Block BAGR MAM 1996 BOO11 Or.7
2015-09-122015-09-12Library Block B 2015-09-12 AGRRUA003307  B017 Library Block BAGR MAM 1996 BOO11 Or.8
2015-09-122015-09-12Library Block B 2015-09-12 AGRRUA003235  B017 Library Block BAGR MAM 1996 BOO11 Or.9
2015-09-122015-09-12Library Block B 2015-09-12 AGRRUA003091  B017 Library Block BAGR MAM 1996 BOO11 Or.10
មជ្ឈមណ្ឌលឯការនៃសាកលវិទ្យាល័យភូមិន្ទកសិកម្មចំការដូង

Powered by Koha